000 00867nam a22001697a 4500
005 20260127145549.0
008 230715b ||||| |||| 00| 0 eng d
040 _cSSBUL
_dSSBUL
082 _223
_a၈၉၅.၈၅ အ ၁၆၀၈၃ (S-SAT)
245 _aအမျိုးသားညီလာခံ ကျင်းပရေးညိုနှိုင်းဆွေးနွေးပွဲတွင် အမျိုးသားညီလာခံ... /
300 _a၉၅ စာမျက်နှာ၊
_c၁၇ စင်တီ။
500 _aS-SAT: Dr. Prof Sai Aung Tun
650 _aမြန်မာမိန့်ခွန်းများ။
_927776
650 _aမိန့်ခွန်းများ။
_927777
650 _aအမျိုးသားညီလာခံ
_zမြန်မာနိုင်ငံ။
_927837
942 _2ddc
_cBK
999 _c27255
_d27255